| 000 | 00963cam a22003013a 4500 | ||
|---|---|---|---|
| 001 | 26322 | ||
| 003 | PGUSA | ||
| 005 | 20140828083552.0 | ||
| 008 | 080815s2008||||xxu|||||s|||||000 1 eng d | ||
| 040 |
_aPGUSA _beng |
||
| 042 | _adc | ||
| 050 | 4 | _aPZ | |
| 100 | 1 |
_aMolesworth, _cMrs, _d1839-1921 |
|
| 245 | 1 | 0 |
_aPeterkin _h[electronic resource] / _cMolesworth, |
| 260 |
_bProject Gutenberg, _c2008 |
||
| 506 | _aPublic domain in the USA. | ||
| 516 | _aElectronic text | ||
| 653 | _aParrots -- Juvenile fiction | ||
| 653 | _aChildren -- England -- Social life and customs -- Juvenile fiction | ||
| 653 | _aGirls -- England -- Juvenile fiction | ||
| 653 | _aFamily -- England -- Juvenile fiction | ||
| 653 | _aImagination -- Juvenile fiction | ||
| 653 | _aBrothers -- Juvenile fiction | ||
| 700 | 1 |
_aMillar, H. R. _q(Harold Robert), _d1869-1942 |
|
| 830 | 0 |
_aProject Gutenberg _v26322 |
|
| 856 | 4 | 0 | _uhttp://www.gutenberg.org/ebooks/26322 |
| 942 | _cEB | ||
| 999 |
_c255577 _d255577 |
||